| 000 | 00638nam a22001937a 4500 | ||
|---|---|---|---|
| 999 |
_c79969 _d79969 |
||
| 005 | 20180830132434.0 | ||
| 008 | 140911t mx ||||| |||| 00| 0 spa d | ||
| 020 | _a9681804368 | ||
| 050 | 0 | 4 |
_aQC173.65 _bR47 1977 |
| 100 | 1 | _aResnick, Robert | |
| 240 | 1 | 0 |
_aIntroduction to special relativity _lEspañol |
| 245 | 1 | 0 |
_aIntroducción a la teoría especial de la relatividad _c / Robert Resnick, traducción Ricardo Luna Victoria M. ; revisión Julio García Stahl. |
| 250 | _a1a ed. | ||
| 260 |
_aMexico : _bLimusa, _c1977. |
||
| 300 |
_a211 p. : _bíl. ; _c23 cm. |
||
| 504 | _aincluye bibliografía e índice | ||
| 650 | 7 |
_2lemb _aRelatividad (Física) |
|
| 700 | 1 |
_aLuna Victoria M., Ricardo _etraductor |
|
| 700 | 1 |
_aGarcía Stahl, Julio _erevisor |
|
| 942 |
_2lcc _cLIB |
||